MARKETING IMAGINATION (Record no. 17360)

MARC details
000 -LEADER
fixed length control field 00313nam a2200133Ia 4500
008 - FIXED-LENGTH DATA ELEMENTS--GENERAL INFORMATION
fixed length control field 240624s9999 xx 000 0 und d
041 ## - LANGUAGE CODE
Language code of text/sound track or separate title eng
082 ## - DEWEY DECIMAL CLASSIFICATION NUMBER
Classification number 658.8 LEV
100 ## - MAIN ENTRY--PERSONAL NAME
Personal name LEVITT THEODORE M
245 ## - TITLE STATEMENT
Title MARKETING IMAGINATION
260 ## - PUBLICATION, DISTRIBUTION, ETC.
Date of publication, distribution, etc. 1986
Place of publication, distribution, etc. London
Name of publisher, distributor, etc. Free Press
300 ## - PHYSICAL DESCRIPTION
Extent 238 : p.
365 ## - TRADE PRICE
Currency code
Price amount 15
Holdings
Withdrawn status Lost status Damaged status Not for loan Home library Current library Shelving location Date acquired Source of acquisition Cost, normal purchase price Total Checkouts Full call number Barcode Date last seen Date last checked out Copy number Price effective from Koha item type
        IMTN IMTN Rack 33-B 07/06/2011 BWE 19.95 1 658.8 LEV 17360 01/23/2025 01/07/2025 47.3 06/24/2024 Books
Designed & Maintained by: LRC IMT Nagpur Contact: lrc@imtnag.ac.in© 2024. All Rights Reserved.